000 00691nam a2200205 i 4500
001 26474
003 ES-MaACL
005 20240305170913.0
007 t|
008 030109s1973 sp ||||1| spa d
100 1 _aArpal Poblador, Jesús.
_923186
245 1 4 _aUna familia en un mundo tradicional
_b: Los Garagarza de Elgoibar /
_cJesús Arpal Poblador.
260 _aSan Sebastián :
_bSociedad Guipuzcoana de Ediciones y Publicaciones,
_c[1973]
300 _a226 p., 8 lám. ;
_c23 cm.
490 1 _aColección Estudios ;
_v1
600 3 4 _aGaragarza (Familia)
_9170297
830 0 _aColección estudios
_v1
_9178843
852 _aES-MaACL
_jC-55600
_bR.88251
999 _c26474
_d26474